The illustrated atlas of the human body / (Record no. 1441)

MARC details
000 -LEADER
fixed length control field 00687nam a22001817a 4500
005 - DATE AND TIME OF LATEST TRANSACTION
control field 20230918091317.0
020 ## - INTERNATIONAL STANDARD BOOK NUMBER
International Standard Book Number 9781740896481
040 ## - CATALOGING SOURCE
Original cataloging agency FISKH
Language of cataloging eng
Transcribing agency FISKH
Modifying agency FISKH
082 ## - DEWEY DECIMAL CLASSIFICATION NUMBER
Classification number 612
100 ## - MAIN ENTRY--PERSONAL NAME
Personal name McMillan, Beverly
245 ## - TITLE STATEMENT
Title The illustrated atlas of the human body /
260 ## - PUBLICATION, DISTRIBUTION, ETC.
Place of publication, distribution, etc. Sydney :
Name of publisher, distributor, etc. Weldon Owen,
Date of publication, distribution, etc. 2008
300 ## - PHYSICAL DESCRIPTION
Extent 288 pages :
Dimensions 35 x 28 cm
520 ## - SUMMARY, ETC.
Summary, etc. Uses microphotography, advanced medical imaging, and annotated illustrations to provide scientific information about the human body, covering the body systems, bones, muscles and skin, sensory and digestive processes, and the brain and internal organs.
650 ## - SUBJECT ADDED ENTRY--TOPICAL TERM
Topical term or geographic name entry element Anatomy
942 ## - ADDED ENTRY ELEMENTS (KOHA)
Source of classification or shelving scheme Dewey Decimal Classification
Koha item type Books
Suppress in OPAC No
999 ## -
-- 1441
-- 1441
Holdings
Withdrawn status Lost status Source of classification or shelving scheme Damaged status Not for loan Collection Home library Current library Shelving location Date acquired Total Checkouts Full call number Barcode Date last seen Price effective from Koha item type
    Dewey Decimal Classification     Non-Fiction Footprints International School Library Network Toul Kork Campus Footprints International School Library Network Toul Kork Campus   08/25/2023   MCM 612 2023-0360 08/25/2023 08/25/2023 Books